000 00732nam a2200229Ia 4500
003 OSt
005 20220918192029.0
006 a|||||r|||| 00| 0
007 ta
008 220917b |||||||| |||| 00| 0 eng d
024 _a66,595
037 _cTextual
040 _aARTS
_cARTS
_beng
041 _2eng
_aeng
082 _aR3xK23:9, K4
100 _aGoldmann Lucien
_919075
245 0 _aHidden God
_b a study of tragic vision in the pensees of Pascal and the tragedies of Racine tr from the French by Philip Thody
260 _c1964
490 _aInternational library of philosophy and scientific method ed by A J Ayer; 20
942 _hR3xK23:9, K4
_cTEXL
_2CC
999 _c192828
_d192828